| 000 | 00682 a2200169 4500 | ||
|---|---|---|---|
| 003 | Nust | ||
| 005 | 20170207154214.0 | ||
| 040 | _cNust | ||
| 082 | _a621.385 | ||
| 100 | _aLeonard M. Krugman | ||
| 245 |
_aFundamentals of Transistors _cLeonard M. Krugman |
||
| 250 | _a2nd ed | ||
| 260 |
_aNew York _bJohn F. Rider _c1958 |
||
| 300 | _a168p; | ||
| 505 | _aBasic Semi Conductor Physics (Page-1) Transistor and Their Operation (Page-9) The Grounded Base Transistor (page-25) The Grounded Emitter and Grounded Collector Transistor (Page-51) Transistor Amplifiers (Page-80)Transistor Oscillators (page-112) Transistor at High Frequencies (page-142) | ||
| 538 | _aAlmirah No.134 Shelf No.1 | ||
| 942 |
_2ddc _cBK |
||
| 999 |
_c195029 _d195029 |
||